Online
Catalog

Curso-taller laboratorio práctico de contabilidad : (Record no. 7626)

MARC details
000 -CABECERA
campo de control de longitud fija 01214nam a2200217 a 4500
001 - NÚMERO DE CONTROL
campo de control 000007848
005 - FECHA Y HORA DE LA ÚLTIMA TRANSACCIÓN
campo de control 20200929154323.0
008 - DATOS DE LONGITUD FIJA--INFORMACIÓN GENERAL
campo de control de longitud fija 090911s2003 dr ad 001 0 spa d
040 ## - FUENTE DE LA CATALOGACIÓN
Centro catalogador/agencia de origen DO-SdBNP
Lengua de catalogación spa
Centro/agencia transcriptor BNPHU
082 ## - NÚMERO DE LA CLASIFICACIÓN DECIMAL DEWEY
Número de clasificación 657
Número de documento/Ítem A239c
100 1# - ENTRADA PRINCIPAL--NOMBRE DE PERSONA
Nombre de persona Adón, Juan Lauterio
9 (RLIN) 21595
245 10 - MENCIÓN DE TÍTULO
Título Curso-taller laboratorio práctico de contabilidad :
Resto del título manual de instrucción teórico /
Mención de responsabilidad, etc. Juan Lauterio Adón.
260 ## - PUBLICACIÓN, DISTRIBUCIÓN, ETC.
Lugar de publicación, distribución, etc. [Santo Domingo] :
Nombre del editor, distribuidor, etc. Impresora Metropolitana,
Fecha de publicación, distribución, etc. 2003.
300 ## - DESCRIPCIÓN FÍSICA
Extensión 150 p. :
Otras características físicas il.,tabls. ;
Dimensiones 23 cm. +
Material acompañante/anejo manual de instrucción práctico (extraviado)
504 ## - NOTA DE BIBLIOGRAFÍA, ETC.
Nota de bibliografía, etc. Bibliografía: p.149-150.
505 0# - NOTA DE CONTENIDO CON FORMATO
Título Manual de Instrucción Teórico:
-- Programa laboratorio práctico de contabilidad --
-- Constitución de empresas --
-- Secretaría de Industria y Comercio --
-- Cámara de Comercio y producción de Santo Domingo --
-- Secretaría de Estado de Trabajo --
-- Dirección General de Impuesto Interno (DGII) --
-- Manual de Instrucción Práctico:
-- Curso Laboratorio Práctico de Contabilidad: ejercicios y formularios.
590 ## - NOTA LOCAL (RLIN)
Nota local Inventariado, 2018/ YL
650 #4 - PUNTO DE ACCESO ADICIONAL DE MATERIA--TÉRMINO DE MATERIA
Término de materia o nombre geográfico como elemento de entrada Contabilidad
Subdivisión general Manuales
9 (RLIN) 21596
650 #4 - PUNTO DE ACCESO ADICIONAL DE MATERIA--TÉRMINO DE MATERIA
Término de materia o nombre geográfico como elemento de entrada Contabilidad
Subdivisión general Problemas, ejercicios, etc.
9 (RLIN) 21597
910 ## - DATOS DE OPCIÓN DEL USUARIO (OCLC)
Datos de opción del usuario Validado. Control de calidad EMS
Holdings
Estado de retiro Estado de pérdida Restricciones de uso No para préstamo Código de colección Localización permanente Ubicación/localización actual Ubicación en estantería Fecha de adquisición Número de inventario Total de préstamos Signatura topográfica completa Código de barras Fecha visto por última vez Número de copia Precio válido a partir de Tipo de ítem Koha
        Dominicana de Servicio General General Depósito 11.09.2009 LF1   657 A239c 7848-30 25.06.2020 e. 3 25.06.2020 Libro y Folleto Colección Dominicana de Servicio
        Dominicana de Servicio General General Depósito 23.10.2012 LF1   657 A239c 7848-40 25.06.2020 e. 4 25.06.2020 Libro y Folleto Colección Dominicana de Servicio
      Excluido de préstamo Patrimonio Dominicano Patrimonio Dominicano Patrimonio Dominicano Depósito 11.09.2009 LF1   657 A239c 7848-10 25.06.2020   25.06.2020 Libro y Folleto Colección Patrimonio Dominicano
      Excluido de préstamo Patrimonio Dominicano Patrimonio Dominicano Patrimonio Dominicano Depósito 11.09.2009 LF1   657 A239c 7848-20 25.06.2020 e. 2 25.06.2020 Libro y Folleto Colección Patrimonio Dominicano

Powered by Koha